The Spread of Christianity in the First Four Centuries : Essays in Explanation /
The Spread of Christianity in the First Four Centuries: Essays in Explanation attempts to show how contemporary historical scholarship, or rather a selection of its exponents, views the perennial question why a new religion, indeed a new kind of religion, succeeded in subverting the other religions...
مؤلفون آخرون:
التنسيق: كتاب الكتروني
اللغة: English
منشور في:
Leiden; Boston :
BRILL,
2005.
سلاسل:
Brill Book Archive Part 1, ISBN: 9789004472495.
Columbia Studies in the Classical Tradition ;
27.
الموضوعات:
الوصول للمادة أونلاين: Login to view Source
الوسوم: إضافة وسم
رقم الطلب: BR166
| LEADER | 02424nam a22005051i 4500 | ||
|---|---|---|---|
| 001 | BRILL9789047427476 | ||
| 003 | nllekb | ||
| 005 | 20230529210659.0 | ||
| 006 | m d | ||
| 007 | cr un uuuua | ||
| 008 | 210731s2005 ne sb 001 0 eng d | ||
| 010 | |z 2005054251 | ||
| 020 | |a 9789047427476 |q (electronic book) | ||
| 020 | |a 9789004147171 |q (print) | ||
| 024 | 7 | |a 10.1163/9789047427476 |2 DOI | |
| 035 | |z (OCoLC)61500105 | ||
| 040 | |a NL-LeKB |c NL-LeKB |e rda | ||
| 050 | 4 | |a BR166 | |
| 072 | 7 | |a HBLA1 |2 bicssc | |
| 072 | 7 | |a HIS |x 002000 |2 bisacsh | |
| 072 | 7 | |a HIS |x 039000 |2 bisacsh | |
| 082 | 0 | 4 | |a 270.1 |2 23 |
| 245 | 0 | 4 | |a The Spread of Christianity in the First Four Centuries : |b Essays in Explanation / |c edited by William V. Harris. |
| 246 | 3 | |a Essays in Explanation | |
| 264 | 1 | |a Leiden; |a Boston : |b BRILL, |c 2005. | |
| 300 | |a 1 online resource. | ||
| 336 | |a text |b txt |2 rdacontent | ||
| 337 | |a computer |b c |2 rdamedia | ||
| 338 | |a online resource |2 rdacarrier | ||
| 490 | 1 | |a Brill Book Archive Part 1, ISBN: 9789004472495 | |
| 490 | 1 | |a Columbia Studies in the Classical Tradition ; |v 27 | |
| 504 | |a Includes bibliographical references and index. | ||
| 520 | |a The Spread of Christianity in the First Four Centuries: Essays in Explanation attempts to show how contemporary historical scholarship, or rather a selection of its exponents, views the perennial question why a new religion, indeed a new kind of religion, succeeded in subverting the other religions of the Roman Empire in the first three centuries and in the generations immediately following the 'conversion' of the usurper Constantine in 312. | ||
| 559 | 4 | |a BR166 | |
| 588 | |a Description based on print version record. | ||
| 650 | 0 | |a Christian sociology |x History |y Early church, ca. 30-600. | |
| 650 | 0 | |a Church history |y Primitive and early church, ca. 30-600. | |
| 700 | 1 | |a Harris, William V., |e editor. | |
| 776 | 0 | 8 | |i Print version: |t The Spread of Christianity in the First Four Centuries : Essays in Explanation. |d Leiden ; Boston : BRILL, 2005 |z 9789004147171 |
| 830 | 0 | |a Brill Book Archive Part 1, ISBN: 9789004472495. | |
| 830 | 0 | |a Columbia Studies in the Classical Tradition ; |v 27. | |
| 856 | 4 | |z DOI: |u http://dx.doi.org/10.1163/9789047427476 | |
| 942 | |2 lcc |c EBOOK | ||
| 952 | |0 0 |1 0 |2 lcc |4 0 |6 BR0166 |7 1 |9 48028 |a BRILL |b BRILL |d 2023-05-29 |l 0 |o BR166 |r 2023-05-29 00:00:00 |w 2023-05-29 |y EBOOK | ||
| 999 | |c 53372 |d 53372 | ||
